00423nam a2200145Ia 4500003000900000008004100009040003300050041000800083080001600091100002100107245006900128246003700197260002800234300001500262LK-CoDNM010623t2010 xxu||||| |||| 00| 1 sin d aLK-CoDNMdLK-CoDNMeLK-CoDNM asin aX 82.12 PRE aPremarathna,K.G. aනූතන පද සංග්‍ර‍හ විචාරය aNuthana Padya Sangraha Vicharaya bPradeepaaColomboc2010 b104, 21 cm